000 00406nam a2200169 a 4500
001 0000-8858
003 ELIB.Books
008 110520 1933
035 _a(ELIB.Books)0000-9004
082 _aFic
_bSte
100 _aSteinbeck, John
245 _aTo A God Unknown
260 _bNew York: Bantam Books
_c1933
650 _aFiction
942 _2ddc
_cBK
998 _cbat
_e2011-05-20
999 _c8858
_d8858